[Event "Irish Championship 2013"]
[Site "Limerick IRL"]
[Date "2013.07.07"]
[Round "2.9"]
[White "MacElligott, Gerard"]
[Black "Twomey, Pat"]
[Result "1-0"]
[WhiteTitle "CM"]
[WhiteElo "2050"]
[BlackElo "1875"]
[WhiteICU "1908"]
[BlackICU "1677"]
[WhiteClub "Elm Mount"]
[BlackClub "C.C.Y.M.S."]
[WhiteNationality "IRL"]
[BlackNationality "IRL"]
[WhiteFideId "2500647"]
[BlackFideId "2501937"]
[WhiteICUId "1078"]
[BlackICUId "1637"]
[PlyCount "147"]
[EventDate "2013.07.06"]
[Source "Live boards"]

{ Event information: <a
href="https://www.irlchess.com/irlch2013_allfiles/pairings_irlch2013.html">Tournament
report</a>. }

1. c4 Nf6 2. Nc3 c5 3. Nf3 Nc6 4. d4 cxd4 5. Nxd4 g6 6. e4 d6 7. f3 Bg7 8.
Be3 O-O 9. Qd2 Re8 10. Be2 Bd7 11. O-O Nxd4 12. Bxd4 Bc6 13. b4 b6 14. Rab1
Qd7 15. Rfc1 e6 16. Be3 Red8 17. Bg5 Rdc8 18. Rd1 Ne8 19. Rbc1 f6 20. Bf4
Rd8 21. Qc2 Qe7 22. Qb3 Kh8 23. Rd2 Rd7 24. Rcd1 Rad8 25. Bf1 h5 26. a4 Qf7
27. Be3 Bf8 28. g3 Ng7 29. Bg2 Be7 30. b5 Ba8 31. c5 bxc5 32. Bxc5 d5 33.
Qb4 Bxc5+ 34. Qxc5 Rc7 35. Qa3 Rdc8 36. Rd3 dxe4 37. Nxe4 Bxe4 38. fxe4 e5
39. Bh3 f5 40. Rd8+ Kh7 41. Rxc8 Rxc8 42. Qe3 Qc7 43. Kf2 Rf8 44. exf5 Nxf5
45. Bxf5 Qc2+ 46. Qd2 Qxf5+ 47. Kg1 Rf7 48. Qe2 Re7 49. Rf1 Qe6 50. Qe4
Qb6+ 51. Kg2 Qb7 52. Qxb7 Rxb7 53. Rf6 Re7 54. Kf3 Kh6 55. Ke4 Kg5 56. Ra6
Kh6 57. h4 Kg7 58. a5 Kh6 59. b6 axb6 60. Rxb6 Rc7 61. a6 Rc5 62. Re6 Ra5
63. Kd3 Ra3+ 64. Kc4 e4 65. Kb5 e3 66. Kb6 Rb3+ 67. Ka7 Kg7 68. Ka8 Kf7 69.
Re4 Kf6 70. a7 Kf5 71. Re8 Kg4 72. Rb8 Ra3 73. Rb6 Kxg3 74. Rxg6+ 1-0

[Event "Irish Championship 2013"]
[Site "Limerick IRL"]
[Date "2013.07.07"]
[Round "2.10"]
[White "O'Flaherty, Kevin"]
[Black "O'Rourke, Ray"]
[Result "0-1"]
[WhiteElo "1880"]
[BlackElo "2023"]
[WhiteICU "1759"]
[BlackICU "1907"]
[WhiteClub "Univ. of Limerick"]
[BlackClub "Bray/Greystones"]
[WhiteNationality "IRL"]
[BlackNationality "IRL"]
[WhiteFideId "2502283"]
[BlackFideId "2501023"]
[WhiteICUId "5193"]
[BlackICUId "1321"]
[PlyCount "118"]
[EventDate "2013.07.06"]
[Source "Live boards"]

{ Event information: <a
href="https://www.irlchess.com/irlch2013_allfiles/pairings_irlch2013.html">Tournament
report</a>. }

1. d4 Nf6 2. Bf4 g6 3. Nf3 Bg7 4. e3 O-O 5. Nbd2 d6 6. c3 h6 7. Bd3 e5 8.
dxe5 dxe5 9. Nxe5 Nh5 10. Ndf3 Nxf4 11. exf4 Qf6 12. g3 Bh3 13. Qb3 Nc6 14.
O-O-O Nxe5 15. Nxe5 g5 16. Bc4 gxf4 17. Nd7 Bxd7 18. Rxd7 fxg3 19. fxg3
Qg5+ 20. Rd2 Rad8 21. Rd1 h5 22. Kc2 Rxd2+ 23. Rxd2 Bh6 24. Rd1 Qf5+ 25.
Bd3 Qf2+ 26. Kb1 Qxh2 27. Qxb7 Qxg3 28. Qxa7 Be3 29. Qa4 Qg4 30. Qc2 h4 31.
Bf5 Qg3 32. Rh1 Qf3 33. Be4 Qg3 34. a3 Re8 35. Bc6 Re6 36. Bd5 Rf6 37. Qe4
h3 38. c4 h2 39. Rd1 Bg1 40. Qg2 Qxg2 41. Bxg2 Rg6 42. Bh1 Be3 43. Kc2 Rg1
44. b4 Kg7 45. a4 Kg6 46. c5 Bf2 47. a5 Be1 48. a6 Rxh1 49. a7 Rg1 50. a8=Q
h1=Q 51. Qg8+ Kf6 52. Qd8+ Kg7 53. Qd4+ Kh7 54. b5 Qg2+ 55. Kb3 Qh3+ 56.
Rd3 Qe6+ 57. Ka3 Rg2 58. Rb3 Rd2 59. Qf4 Rd8 0-1

[Event "Irish Championship 2013"]
[Site "Limerick IRL"]
[Date "2013.07.08"]
[Round "3.1"]
[White "Redmond, John P."]
[Black "Fitzsimons, David"]
[Result "1/2-1/2"]
[BlackTitle "FM"]
[WhiteElo "2217"]
[BlackElo "2331"]
[WhiteICU "2176"]
[BlackICU "2312"]
[WhiteClub "Atticus ENG"]
[BlackClub "Elm Mount"]
[WhiteNationality "IRL"]
[BlackNationality "IRL"]
[WhiteFideId "2500051"]
[BlackFideId "2501961"]
[WhiteICUId "1422"]
[BlackICUId "6236"]
[PlyCount "51"]
[EventDate "2013.07.06"]
[Source "Live boards"]

{ Event information: <a
href="https://www.irlchess.com/irlch2013_allfiles/pairings_irlch2013.html">Tournament
report</a>. }

1. Nf3 Nf6 2. c4 b6 3. g3 c5 4. Bg2 Bb7 5. Nc3 g6 6. O-O Bg7 7. d3 d5 8. d4
dxc4 9. Qa4+ Nbd7 10. dxc5 Qc8 11. Qxc4 Qxc5 12. Qh4 Rc8 13. Be3 Qh5 14.
Qxh5 Nxh5 15. Rfd1 Bxc3 16. bxc3 Nhf6 17. a4 Nc5 18. Bh3 e6 19. Rdb1 Bd5
20. Nd2 Nb7 21. c4 Bc6 22. a5 Nxa5 23. c5 Nd5 24. Bd4 O-O 25. cxb6 axb6 26.
Bxb6 1/2-1/2

[Event "Irish Championship 2013"]
[Site "Limerick IRL"]
[Date "2013.07.08"]
[Round "3.2"]
[White "Hughes, John L."]
[Black "Quinn, Rory"]
[Result "0-1"]
[WhiteElo "2046"]
[BlackElo "2101"]
[BlackICU "2071"]
[BlackClub "Ennis"]
[WhiteNationality "IRL"]
[BlackNationality "IRL"]
[WhiteFideId "2046105"]
[BlackFideId "2501643"]
[BlackICUId "1405"]
[PlyCount "130"]
[EventDate "2013.07.06"]
[Source "Tournament web site"]

{ Event information: <a
href="https://www.irlchess.com/irlch2013_allfiles/pairings_irlch2013.html">Tournament
report</a>. }

1. e4 e5 2. Nf3 Nc6 3. Bc4 Nf6 4. Ng5 d5 5. exd5 Na5 6. Bb5+ Bd7 7. Qe2 Be7
8. Nc3 Bxb5 9. Qxb5+ c6 10. dxc6 Nxc6 11. d3 O-O 12. Be3 Nd4 13. Bxd4 exd4
14. Ne2 a6 15. Qa4 Nd5 16. Nf3 Bb4+ 17. Kf1 Bc5 18. Qb3 Re8 19. Nexd4 Nf4
20. c3 Qd7 21. h3 Bxd4 22. Nxd4 Nxd3 23. g3 b5 24. Qc2 Qb7 25. f3 Re3 26.
Kg2 Rae8 27. Qd2 Qd5 28. Rhf1 Qg5 29. h4 Re2+ 30. Qxe2 Rxe2+ 31. Nxe2 Qd2
32. Rf2 Nxf2 33. Kxf2 Qxb2 34. Rd1 g6 35. g4 Qxa2 36. g5 Qe6 37. Nf4 Qe5
38. Kg3 Kg7 39. Rd5 Qxc3 40. h5 Qe1+ 41. Kg2 gxh5 42. Nxh5+ Kf8 43. Nf6 Qh4
44. f4 Ke7 45. Rd4 a5 46. Ng8+ Kf8 47. Rd8+ Kg7 48. Nh6 Kg6 49. Rd6+ Kh5
50. Rf6 Qe1 51. Nxf7 Qe2+ 52. Kg3 Qe3+ 53. Kg2 Qd2+ 54. Kg3 Qe1+ 55. Kf3
Qc3+ 56. Kf2 Kh4 57. Ne5 Qd2+ 58. Kf3 Qd1+ 59. Kf2 Qd4+ 60. Kg2 Qe4+ 61.
Kf2 Qc2+ 62. Kf3 Qc3+ 63. Kf2 Qg3+ 64. Kf1 Qe3 65. Kg2 Qe2+ 0-1

[Event "Irish Championship 2013"]
[Site "Limerick IRL"]
[Date "2013.07.08"]
[Round "3.3"]
[White "O'Cinneide, Mel"]
[Black "Orr, Mark J. L."]
[Result "1/2-1/2"]
[BlackTitle "IM"]
[WhiteElo "2225"]
[BlackElo "2247"]
[WhiteICU "2171"]
[BlackICU "2208"]
[WhiteClub "Rathmines"]
[BlackClub "Wandering Dragons SCO"]
[WhiteNationality "IRL"]
[BlackNationality "IRL"]
[WhiteFideId "2500620"]
[BlackFideId "2500035"]
[WhiteICUId "720"]
[BlackICUId "1350"]
[PlyCount "77"]
[EventDate "2013.07.06"]
[Source "Live boards"]
[WhiteFullName "&Oacute; Cinn&eacute;ide, Mel"]

{ Event information: <a
href="https://www.irlchess.com/irlch2013_allfiles/pairings_irlch2013.html">Tournament
report</a>. }

1. c4 Nf6 2. Nc3 e5 3. Nf3 Nc6 4. e3 d5 5. cxd5 Nxd5 6. Bb5 Nxc3 7. bxc3
Bd6 8. e4 O-O 9. O-O Bg4 10. h3 Bh5 11. Be2 Qe7 12. d3 b6 13. Be3 Rad8 14.
Re1 Bc5 15. Qd2 Na5 16. Rad1 Bxe3 17. Qxe3 c5 18. d4 exd4 19. cxd4 Bxf3 20.
Bxf3 cxd4 21. Rxd4 Rxd4 22. Qxd4 Rd8 23. Qc3 Nb7 24. e5 Nc5 25. Rd1 Rxd1+
26. Bxd1 g6 27. Bb3 a5 28. g3 Nxb3 29. axb3 Qc5 30. Qd2 Kg7 31. Qf4 Qc6 32.
h4 h5 33. Qd4 Qe6 34. Qc3 b5 35. Qxa5 Qxb3 36. Qb6 b4 37. Qb7 Qc4 38. e6
Qxe6 39. Qxb4 1/2-1/2

[Event "Irish Championship 2013"]
[Site "Limerick IRL"]
[Date "2013.07.08"]
[Round "3.4"]
[White "Daly, Colm"]
[Black "Fox, Anthony"]
[Result "1-0"]
[WhiteTitle "FM"]
[WhiteElo "2339"]
[BlackElo "2093"]
[WhiteICU "2298"]
[BlackICU "2027"]
[WhiteClub "Bray/Greystones"]
[BlackClub "Dun Laoghaire"]
[WhiteNationality "IRL"]
[BlackNationality "IRL"]
[WhiteFideId "2500434"]
[BlackFideId "2500736"]
[WhiteICUId "295"]
[BlackICUId "456"]
[PlyCount "111"]
[EventDate "2013.07.06"]
[Source "Live boards"]

{ Event information: <a
href="https://www.irlchess.com/irlch2013_allfiles/pairings_irlch2013.html">Tournament
report</a>. }

1. Nf3 d5 2. e3 Nf6 3. b4 e6 4. a3 a5 5. b5 Be7 6. Bb2 O-O 7. Be2 c5 8. O-O
Nbd7 9. d3 b6 10. Nbd2 Bb7 11. c4 Qc7 12. Rc1 Rad8 13. Qb3 Qb8 14. Rfe1
Rfe8 15. Bf1 h6 16. g3 Bf8 17. Bg2 g6 18. Qc2 Bg7 19. Qb1 Nh5 20. Bxg7 Nxg7
21. Rcd1 Rf8 22. e4 dxe4 23. dxe4 e5 24. Bh3 Rfe8 25. Nf1 Ne6 26. Bxe6 Rxe6
27. Qd3 Kg7 28. Rd2 Qa8 29. Nh4 Ree8 30. Red1 Bxe4 31. Qd6 g5 32. Qc7 gxh4
33. Rxd7 Rxd7 34. Qxd7 hxg3 35. hxg3 Re6 36. Ne3 Bf3 37. Rd5 Bxd5 38. cxd5
Rf6 39. Qe7 Qb8 40. d6 Re6 41. Nf5+ Kg6 42. d7 Rxe7 43. Nxe7+ Kf6 44. Nc6
Qd6 45. d8=Q+ Qxd8 46. Nxd8 a4 47. Kf1 Ke7 48. Nc6+ Kd6 49. Ke2 c4 50. Kd2
f6 51. Kc3 Kc5 52. Nb8 Kxb5 53. Nd7 Kc6 54. Nxf6 b5 55. Kb4 h5 56. f3 1-0

[Event "Irish Championship 2013"]
[Site "Limerick IRL"]
[Date "2013.07.08"]
[Round "3.5"]
[White "Short, Philip"]
[Black "Quinn, Ciaran"]
[Result "1/2-1/2"]
[WhiteTitle "FM"]
[WhiteElo "2260"]
[BlackElo "2098"]
[BlackICU "2031"]
[BlackClub "Elm Mount"]
[WhiteNationality "IRL"]
[BlackNationality "IRL"]
[WhiteFideId "2500086"]
[BlackFideId "2500817"]
[WhiteICUId "1557"]
[BlackICUId "1398"]
[PlyCount "82"]
[EventDate "2013.07.06"]
[Source "Live boards"]
[BlackFullName "Quinn, Ciar&aacute;n"]

{ Event information: <a
href="https://www.irlchess.com/irlch2013_allfiles/pairings_irlch2013.html">Tournament
report</a>. }

1. d4 Nf6 2. Nf3 e6 3. c4 d5 4. Nc3 Nbd7 5. Bg5 Be7 6. Qc2 O-O 7. e3 Re8 8.
O-O-O a6 9. h4 dxc4 10. Bxc4 b5 11. Bd3 Bb7 12. Ne5 Nf8 13. Bxf6 Bxf6 14.
Ne4 Bxe5 15. dxe5 Qe7 16. f4 Bxe4 17. Bxe4 Rad8 18. g3 c5 19. Rh2 Rxd1+ 20.
Qxd1 Rd8 21. Rd2 Rxd2 22. Qxd2 Qc7 23. Qd6 Qa5 24. Qxc5 Qxa2 25. Bb1 Qa5
26. Qc3 Qb6 27. h5 Qb7 28. e4 Qb6 29. Qd3 Qg1+ 30. Kc2 Qh2+ 31. Kb3 Qxh5
32. Kb4 f6 33. exf6 gxf6 34. f5 Qe8 35. Ba2 Kg7 36. Ka5 exf5 37. exf5 Nd7
38. Qd5 Qd8+ 39. Kb4 Qe7+ 40. Ka5 Qd8+ 41. Kb4 Qe7+ 1/2-1/2

[Event "Irish Championship 2013"]
[Site "Limerick IRL"]
[Date "2013.07.08"]
[Round "3.6"]
[White "Walsh, Paul"]
[Black "MacElligott, Gerard"]
[Result "1/2-1/2"]
[BlackTitle "CM"]
[WhiteElo "2118"]
[BlackElo "2050"]
[WhiteICU "2017"]
[BlackICU "1908"]
[WhiteClub "Sarsfield"]
[BlackClub "Elm Mount"]
[WhiteNationality "IRL"]
[BlackNationality "IRL"]
[WhiteFideId "2501260"]
[BlackFideId "2500647"]
[WhiteICUId "3820"]
[BlackICUId "1078"]
[PlyCount "80"]
[EventDate "2013.07.06"]
[Source "Live boards"]

{ Event information: <a
href="https://www.irlchess.com/irlch2013_allfiles/pairings_irlch2013.html">Tournament
report</a>. }

1. e4 e6 2. d4 d5 3. Nc3 Nf6 4. e5 Nfd7 5. f4 c5 6. Nf3 Nc6 7. Be3 a6 8.
Qd2 b5 9. g3 Qb6 10. Bg2 cxd4 11. Nxd4 Bc5 12. O-O-O Nxd4 13. Bxd4 Bxd4 14.
Qxd4 Qxd4 15. Rxd4 Nb8 16. f5 Nc6 17. Rf4 O-O 18. fxe6 Bxe6 19. Nxd5 Rac8
20. Rd1 Rfd8 21. a3 a5 22. Rd2 Bxd5 23. Rxd5 Rxd5 24. Bxd5 Nxe5 25. Rf5 Re8
26. b4 axb4 27. axb4 Kf8 28. Kb2 f6 29. Rf2 Ke7 30. Rd2 Rd8 31. Kc3 g5 32.
Be4 Rxd2 33. Kxd2 h5 34. Bd3 Ke6 35. Bxb5 Nf3+ 36. Ke3 Nxh2 37. Be2 Ng4+
38. Bxg4+ hxg4 39. c4 f5 40. b5 Ke5 1/2-1/2

[Event "Irish Championship 2013"]
[Site "Limerick IRL"]
[Date "2013.07.08"]
[Round "3.7"]
[White "Delaney, Killian"]
[Black "O'Rourke, Ray"]
[Result "1-0"]
[WhiteElo "2117"]
[BlackElo "2023"]
[WhiteICU "2067"]
[BlackICU "1907"]
[WhiteClub "Rathmines"]
[BlackClub "Bray/Greystones"]
[WhiteNationality "IRL"]
[BlackNationality "IRL"]
[WhiteFideId "2501570"]
[BlackFideId "2501023"]
[WhiteICUId "5104"]
[BlackICUId "1321"]
[PlyCount "75"]
[EventDate "2013.07.06"]
[Source "Live boards"]

{ Event information: <a
href="https://www.irlchess.com/irlch2013_allfiles/pairings_irlch2013.html">Tournament
report</a>. }

1. d4 Nf6 2. Nf3 g6 3. c4 Bg7 4. Nc3 O-O 5. e4 d6 6. Be2 e5 7. O-O Nc6 8.
d5 Ne7 9. b4 Nh5 10. Re1 Nf4 11. Bf1 f5 12. g3 Nh5 13. Ng5 f4 14. g4 Nf6
15. f3 h5 16. h3 hxg4 17. hxg4 Bh6 18. Ne6 Bxe6 19. dxe6 c6 20. c5 d5 21.
exd5 Nfxd5 22. Nxd5 cxd5 23. Bb2 e4 24. Qd4 Kh7 25. fxe4 f3 26. Qf2 Rf4 27.
Bh3 dxe4 28. Be5 Qd5 29. Bxf4 Bxf4 30. Rad1 e3 31. Qh4+ Kg8 32. Rxd5 f2+
33. Kf1 fxe1=Q+ 34. Kxe1 Nxd5 35. g5 Nxb4 36. e7 Nd3+ 37. Ke2 Nc1+ 38. Kf3
1-0

[Event "Irish Championship 2013"]
[Site "Limerick IRL"]
[Date "2013.07.08"]
[Round "3.8"]
[White "O'Connor, Jonathan"]
[Black "Cormican, John"]
[Result "1-0"]
[WhiteElo "2149"]
[BlackElo "1965"]
[WhiteICU "2140"]
[BlackICU "1803"]
[WhiteClub "Dublin"]
[BlackClub "Galway"]
[WhiteNationality "IRL"]
[BlackNationality "IRL"]
[WhiteFideId "2501112"]
[BlackFideId "2506220"]
[WhiteICUId "1243"]
[BlackICUId "6523"]
[PlyCount "97"]
[EventDate "2013.07.06"]
[Source "Live boards"]

{ Event information: <a
href="https://www.irlchess.com/irlch2013_allfiles/pairings_irlch2013.html">Tournament
report</a>. }

1. d4 Nf6 2. c4 e6 3. Nc3 Bb4 4. e3 O-O 5. Ne2 Ne4 6. Qc2 d5 7. a3 Bxc3+ 8.
Nxc3 f5 9. Bd3 Qh4 10. cxd5 Nxc3 11. Qxc3 Qg4 12. O-O c6 13. dxc6 Nxc6 14.
f3 Qh5 15. b4 Ne7 16. e4 f4 17. Qc7 Qg5 18. Bb2 Ng6 19. Rac1 Rf7 20. Qd6
Bd7 21. Rc5 Qh4 22. Bb5 Nf8 23. Bxd7 Rxd7 24. Qe5 b6 25. Rc7 Rad8 26. d5
Rxc7 27. Qxc7 Rd7 28. Qc4 Qe7 29. Rd1 Kh8 30. Qd4 Ng6 31. d6 Qf7 32. e5 h6
33. Qe4 Nh4 34. Rc1 Qf8 35. Rc7 Rd8 36. Rxa7 b5 37. Bd4 Nf5 38. Qxf4 Nxd4
39. Qxd4 Qf5 40. Qe4 Qg5 41. f4 Qg4 42. h3 Qg3 43. Ra8 Rxa8 44. Qxa8+ Kh7
45. Qe4+ g6 46. Qb7+ Kg8 47. Qc8+ Kf7 48. Qc7+ Kf8 49. d7 1-0

[Event "Irish Championship 2013"]
[Site "Limerick IRL"]
[Date "2013.07.08"]
[Round "3.9"]
[White "Freeman, Gordon"]
[Black "Crichton, Martin"]
[Result "1/2-1/2"]
[WhiteElo "2047"]
[BlackElo "1965"]
[WhiteICU "2023"]
[WhiteClub "Gonzaga"]
[BlackClub "Greenford ENG"]
[WhiteNationality "IRL"]
[BlackNationality "IRL"]
[WhiteFideId "2501309"]
[BlackFideId "2500973"]
[WhiteICUId "4153"]
[BlackICUId "268"]
[PlyCount "80"]
[EventDate "2013.07.06"]
[Source "Tournament web site"]

{ Event information: <a
href="https://www.irlchess.com/irlch2013_allfiles/pairings_irlch2013.html">Tournament
report</a>. }

1. e4 c6 2. d4 d5 3. Nc3 dxe4 4. Nxe4 Bf5 5. Ng3 Bg6 6. Nf3 Nd7 7. Bd3 e6
8. O-O Ngf6 9. Re1 Be7 10. Bg5 Nd5 11. Bxe7 Nxe7 12. c4 O-O 13. Bxg6 hxg6
14. Qe2 Nf5 15. Ne4 Nf6 16. Rad1 Nxe4 17. Qxe4 Qa5 18. a3 Rfd8 19. Ne5 Qb6
20. c5 Qxb2 21. Rb1 Qxd4 22. Qxd4 Nxd4 23. Rxb7 f6 24. Nxg6 Kh7 25. Nf4 e5
26. Nh5 Kg6 27. Nxg7 Rab8 28. Re7 Rb5 29. h4 Rxc5 30. h5+ Kg5 31. Rxa7 Rg8
32. Re3 Kh6 33. Rf7 Rxg7 34. Rxf6+ Kxh5 35. Rf8 Rc3 36. Rxe5+ Kg6 37. Re4
Rc1+ 38. Kh2 Rh7+ 39. Kg3 Nf5+ 40. Kf3 Rc3+ 1/2-1/2

[Event "Irish Championship 2013"]
[Site "Limerick IRL"]
[Date "2013.07.08"]
[Round "3.10"]
[White "O'Grady, Martin"]
[Black "O'Flaherty, Kevin"]
[Result "0-1"]
[WhiteElo "1903"]
[BlackElo "1880"]
[WhiteICU "1806"]
[BlackICU "1759"]
[WhiteClub "Sarsfield"]
[BlackClub "Univ. of Limerick"]
[WhiteNationality "IRL"]
[BlackNationality "IRL"]
[WhiteFideId "2505568"]
[BlackFideId "2502283"]
[WhiteICUId "1276"]
[BlackICUId "5193"]
[PlyCount "110"]
[EventDate "2013.07.06"]
[Source "Tournament web site"]

{ Event information: <a
href="https://www.irlchess.com/irlch2013_allfiles/pairings_irlch2013.html">Tournament
report</a>. }

1. e4 g6 2. d4 Bg7 3. Nc3 d6 4. Be3 Nd7 5. Qd2 b6 6. f4 Ngf6 7. Be2 Bb7 8.
Bf3 d5 9. Nxd5 Nxd5 10. exd5 Nf6 11. c4 Qd7 12. Ne2 Ng4 13. Bg1 f5 14. Nc3
O-O-O 15. O-O-O Nf6 16. Re1 Rhe8 17. Bf2 a6 18. Rhf1 e6 19. Rxe6 Rxe6 20.
dxe6 Qxe6 21. d5 Qd6 22. Re1 Re8 23. Rxe8+ Nxe8 24. Ne2 a5 25. Bd4 Bf8 26.
Be5 Qc5 27. Qd4 Qb4 28. Qc3 Qa4 29. a3 Ba6 30. Nd4 Qxc4 31. Qxc4 Bxc4 32.
Ne6 Be7 33. Kd2 Nd6 34. Bxd6 Bxd6 35. g3 Kd7 36. Kc3 Ba6 37. b4 axb4+ 38.
axb4 Be7 39. Kb3 Bf1 40. Ng5 Bxg5 41. fxg5 Kd6 42. Kc3 Ke5 43. h4 b5 44. g4
fxg4 45. Bxg4 Kxd5 46. h5 Ke5 47. hxg6 hxg6 48. Bd7 Kf4 49. Kd4 Kxg5 50.
Kc5 Kf4 51. Kc6 g5 52. Kxc7 g4 53. Kb6 g3 54. Bc6 Ke3 55. Kc7 g2 0-1

[Event "Irish Championship 2013"]
[Site "Limerick IRL"]
[Date "2013.07.09"]
[Round "4.1"]
[White "Quinn, Rory"]
[Black "Redmond, John P."]
[Result "1/2-1/2"]
[WhiteElo "2101"]
[BlackElo "2217"]
[WhiteICU "2071"]
[BlackICU "2176"]
[WhiteClub "Ennis"]
[BlackClub "Atticus ENG"]
[WhiteNationality "IRL"]
[BlackNationality "IRL"]
[WhiteFideId "2501643"]
[BlackFideId "2500051"]
[WhiteICUId "1405"]
[BlackICUId "1422"]
[PlyCount "33"]
[EventDate "2013.07.06"]
[Source "Live boards"]

{ Event information: <a
href="https://www.irlchess.com/irlch2013_allfiles/pairings_irlch2013.html">Tournament
report</a>. }

1. e4 e6 2. d4 d5 3. Nc3 Bb4 4. e5 Ne7 5. Qg4 Nf5 6. Bd3 h5 7. Qf4 Qh4 8.
Bxf5 Qxf4 9. Bxf4 Bxc3+ 10. bxc3 exf5 11. Ne2 Be6 12. Bg5 Nc6 13. Rb1 b6
14. Nf4 Na5 15. O-O Rc8 16. Nd3 Kd7 17. h4 1/2-1/2

[Event "Irish Championship 2013"]
[Site "Limerick IRL"]
[Date "2013.07.09"]
[Round "4.2"]
[White "Fitzsimons, David"]
[Black "Delaney, Killian"]
[Result "1-0"]
[WhiteTitle "FM"]
[WhiteElo "2331"]
[BlackElo "2117"]
[WhiteICU "2312"]
[BlackICU "2067"]
[WhiteClub "Elm Mount"]
[BlackClub "Rathmines"]
[WhiteNationality "IRL"]
[BlackNationality "IRL"]
[WhiteFideId "2501961"]
[BlackFideId "2501570"]
[WhiteICUId "6236"]
[BlackICUId "5104"]
[PlyCount "45"]
[EventDate "2013.07.06"]
[Source "Live boards"]

{ Event information: <a
href="https://www.irlchess.com/irlch2013_allfiles/pairings_irlch2013.html">Tournament
report</a>. }

1. e4 g6 2. d4 Bg7 3. Nc3 d6 4. f4 a6 5. Nf3 b5 6. Bd3 Bb7 7. Be3 Nd7 8. e5
c5 9. Be4 Bxe4 10. Nxe4 cxd4 11. Bxd4 dxe5 12. fxe5 Nh6 13. e6 Nf6 14. Neg5
Qa5+ 15. c3 O-O 16. Qb3 Nf5 17. exf7+ Kh8 18. Ne6 Nxd4 19. Nfxd4 Ne4 20.
Nxg7 b4 21. Qxb4 Qe5 22. O-O Kxg7 23. Rae1 1-0

[Event "Irish Championship 2013"]
[Site "Limerick IRL"]
[Date "2013.07.09"]
[Round "4.3"]
[White "Orr, Mark J. L."]
[Black "Daly, Colm"]
[Result "0-1"]
[WhiteTitle "IM"]
[BlackTitle "FM"]
[WhiteElo "2247"]
[BlackElo "2339"]
[WhiteICU "2208"]
[BlackICU "2298"]
[WhiteClub "Wandering Dragons SCO"]
[BlackClub "Bray/Greystones"]
[WhiteNationality "IRL"]
[BlackNationality "IRL"]
[WhiteFideId "2500035"]
[BlackFideId "2500434"]
[WhiteICUId "1350"]
[BlackICUId "295"]
[PlyCount "108"]
[EventDate "2013.07.06"]
[Source "Live boards"]

{ Annotator: Colm Daly, "Orr Daly Rd 4 Irish Championships",
irishchesschampionships.com, July 10, 2013
(http://www.irishchesschampionships.com/games/rd4games.htm: dead link as of
May 18, 2017). } { Event information: <a
href="https://www.irlchess.com/irlch2013_allfiles/pairings_irlch2013.html">Tournament
report</a>. }

1. c4 g6 2. Nc3 Bg7 3. g3 Nc6 4. Bg2 d6 5. e3 e5 6. Nge2 h5 7. h3 h4 8. g4
f5 9. gxf5 Bxf5 10. e4 Be6 11. d3 Qd7 12. Bg5 Bf6 13. Qd2 O-O-O 14. O-O-O
Rf8 15. Rdf1 Bxg5 16. Qxg5 Nge7 17. Qe3 g5 18. Rfg1 g4 19. hxg4 Bxg4 20. f3
Be6 21. f4 exf4 22. Nxf4 Kb8 23. Bf1 Rh7 24. d4 Nxd4 25. Nxe6 Nxe6 26. Bh3
Nc6 27. Rg6 Ncd8 28. Nb5 c5 29. Rd1 Qf7 30. Bf5 Rg7 31. Nxd6 Qe7 32. Rxg7
Qxg7 33. Bxe6 Nxe6 34. Nb5 Qg5 35. Qxg5 Nxg5 36. Rd5 Nf3 37. Rh5 a6 38. Nc3
Rg8 39. e5 Re8 40. Nd5 Rxe5 41. Rh8+ Ka7 42. a4 Re4 43. b3 Nd4 44. Kb2 Rg4
45. b4 cxb4 46. Nxb4 Nf3 47. Kc3 Ne5 48. c5 a5 49. Nd5 Rc4+ 50. Kb3 Rxc5
51. Nc3 Ng6 52. Rh6 Rg5 53. Ne4 Rg4 54. Nf2 Rb4+ 0-1